header

The red pencil (Record no. 136056)

MARC details
000 -LEADER
fixed length control field 01202nam a22003134a 4500
082 04 - DEWEY DECIMAL CLASSIFICATION NUMBER
Classification number 373.73
100 1# - MAIN ENTRY--AUTHOR NAME
Personal name Sizer, Theodore R.
245 14 - TITLE STATEMENT
Title The red pencil
260 ## - PUBLICATION, DISTRIBUTION, ETC. (IMPRINT)
Place of publication New Haven :
Name of publisher Yale University Press,
Year of publication c2004.
300 ## - PHYSICAL DESCRIPTION
Number of Pages xx, 131 p.
650 #0 - SUBJECT ADDED ENTRY--TOPICAL TERM
Topical Term Education, Secondary
856 40 - ELECTRONIC LOCATION AND ACCESS
Uniform Resource Identifier http://site.ebrary.com/lib/rucke/Doc?id=10169986

No items available.

© 2026 Rongo University
Contact us: librarian | system librarian | Rongo university